000 00680nam a2200241 a 4500
001 55160
003 BD-RjUL
005 20211209080226.0
008 161114s1985 enka b 001 0 eng
020 _a0155004727
035 _a(BD-RjUL)55282
040 _aDLC
_cDLC
_dBD-RjUL
_beng
041 _aeng
082 0 0 _a657
_223
_bBEA 1985
100 1 _aRiahi-Belkaoui, Ahmed,
_d1943-
_9164373
245 1 0 _aAccounting theory /
_cAhmed Riahi-Belkaoui
250 _a2nd ed.
260 _aLondon :
_bHarcourt Brace Jovanovich,
_cc1985.
300 _ax, 484 p. :
_bill. ;
_c25 cm.
504 _aIncludes bibliographies and indexes.
650 0 _aAccounting.
_9164374
942 _2ddc
_cBK
999 _c55160
_d55160